[Event "FRA-ch Blitz Online Qual"]
[Site "Europe Echecs INT"]
[Date "2020.05.16"]
[Round "13"]
[White "Gautier, Nathan"]
[Black "Cassam Chenai, Antoine"]
[Result "0-1"]
[WhiteElo "2064"]
[BlackElo "1839"]
[PlyCount "72"]
[EventDate "2020.05.16"]
[EventType "swiss (blitz)"]
[EventRounds "15"]
[EventCountry "FRA"]
[SourceTitle "CBM 196 Extra"]
[Source "ChessBase"]
[SourceDate "2020.07.31"]
[SourceVersion "1"]
[SourceVersionDate "2020.07.31"]
[SourceQuality "1"]

1. e4 c5 2. Nf3 e6 3. d4 cxd4 4. Nxd4 Nf6 5. Nc3 Nc6 6. a3 d5 7. Nxc6 bxc6 8. Bd3 Be7 9. 0-0 0-0 10. f4 c5 11. e5 Nd7 12. Qh5 g6 13. Qh6 Qb6 14. Rf3 Re8 15. Rh3 Nf8 16. f5 exf5 17. Nxd5 Qc6 18. c4 Be6 19. Nxe7+ Rxe7 20. Bg5 f6 21. Bxf6 Rf7 22. g4 Bc8 23. gxf5 Bb7 24. Bf1 Rd7 25. fxg6 Nxg6 26. Rg3 Qh1+ 27. Kf2 Qe4 28. Bg2 Qd4+ 29. Kf1 Bxg2+ 30. Kxg2 Qxb2+ 31. Kh3 Qxa1 32. Rxg6+ hxg6 33. Qh8+ Kf7 34. Qxa8 Qc3+ 35. Kg4 Rd4+ 36. Kg5 Qe3# 0-1

[Event "FRA-ch op-B"]
[Site "Agen"]
[Date "2016.??.??"]
[Round "9"]
[White "Galon, Sascha"]
[Black "Gautier, Nathan"]
[Result "0-1"]
[WhiteElo "1783"]
[BlackElo "1725"]
[PlyCount "59"]
[EventDate "2016.08.12"]
[EventType "swiss"]
[EventRounds "9"]
[EventCountry "FRA"]
[SourceTitle "EXT 2017"]
[Source "ChessBase"]
[SourceDate "2016.10.25"]
[SourceVersion "1"]
[SourceVersionDate "2016.10.25"]
[SourceQuality "1"]

1. e4 c5 2. Nc3 Nc6 3. f4 g6 4. Bc4 Bg7 5. d3 e6 6. Nf3 Nge7 7. 0-0 d5 8. Bb3 0-0 9. Qe1 b5 10. Nxb5 dxe4 11. Qxe4 Qb6 12. Nd6 c4+ 13. Be3 f5 14. Nxc8 fxe4 15. Nxb6 axb6 16. Bxc4 exf3 17. Bxe6+ Kh8 18. Bxb6 Bxb2 19. Rab1 Bd4+ 20. Bxd4+ Nxd4 21. Bb3 Rxf4 22. Rbe1 Nec6 23. Kf2 fxg2+ 24. Kxg2 Rxf1 25. Kxf1 Nxb3 26. axb3 Nd4 27. c3 Nxb3 28. Kf2 Nc5 29. Rd1 Ra3 30. c4 0-1

[Event "FRA-ch U12"]
[Site "Saint Paul Trois Chateaux"]
[Date "2013.04.29"]
[Round "2"]
[White "Ariza, Thomas"]
[Black "Gautier, Nathan"]
[Result "1-0"]
[WhiteElo "1742"]
[BlackElo "1540"]
[PlyCount "67"]
[EventDate "2013.04.28"]
[EventType "swiss"]
[EventRounds "9"]
[EventCountry "FRA"]
[SourceTitle "CBM 154 Extra"]
[Source "ChessBase"]
[SourceDate "2013.06.25"]
[SourceVersion "2"]
[SourceVersionDate "2013.06.25"]
[SourceQuality "1"]

1. g3 d5 2. Bg2 Nc6 3. Nf3 Nf6 4. d3 Bf5 5. Nbd2 e6 6. 0-0 Bd6 7. Qe1 Bg6 8. e4 dxe4 9. Nxe4 Nxe4 10. dxe4 e5 11. Qe2 Bh5 12. Be3 0-0 13. Rad1 f5 14. exf5 Rxf5 15. Qc4+ Kh8 16. g4 Bf7 17. Qe4 Rf6 18. Bg5 Bg6 19. Qe2 Qf8 20. Bxf6 Qxf6 21. Nd2 Nd4 22. Qe3 Bxc2 23. Rc1 Qh4 24. h3 Ba4 25. Rb1 Bc2 26. Nc4 Qf6 27. Rfe1 Rf8 28. Qd2 Bc5 29. Rxe5 Rd8 30. Qe1 Bf8 31. Qe3 c5 32. Re1 Bd6 33. Qc3 b5 34. Na5 1-0